Statistics for Countries with AU or UA Letter Combinations

Click here to take the quiz!

General Stats

  • This quiz has been taken 164 times
    (145 since last reset)
  • The average score is 11 of 18

Answer Stats

Hint Answer % Correct
OceaniaAustralia
89%
EuropeAustria
86%
South AmericaParaguay
81%
South AmericaUruguay
79%
OceaniaPalau
70%
South AmericaEcuador
65%
OceaniaNauru
64%
North AmericaNicaragua
64%
OceaniaVanuatu
64%
North AmericaGuatemala
63%
AfricaMauritania
55%
OceaniaPapua New Guinea
55%
AfricaMauritius
53%
North AmericaAntigua and Barbuda
48%
AfricaGuinea-Bissau
45%
AsiaSaudi Arabia
44%
AfricaEquatorial Guinea
41%
EuropeLithuania
36%

Score Distribution

Percentile by Number Answered

Percent of People with Each Score

Your Score History

You have not taken this quiz since the last reset